000 01087nam a22002417a 4500
003 BD-DhSAU
005 20220526133928.0
008 220425b2020 bg bad|| |||| 001 0 eng d
040 _aBD-DhSAU
082 _222
_a630.715
_bK5271
100 _aKhan, Md. Tusar Ali
_eRegistration # 18-09270
245 _aFarmer's knowledge on agricultural machineries /
_bMS thesis
_cMd. Tusar Ali Khan
260 _aSher-e-Bangla Agricultural Uniersity :
_bDepartment of Agricultural Extension & Information System ;
_c2020
300 _avii, 54 p. :
_bill. , charts, maps ;
_c30 cm.
500 _aMS thesis Department of Agricultural Extension & Information System, Faculty of Agriculture, Sher-e-Bangla Agricultural University, Dhaka, Bangladesh
590 _akobir
650 _aAgricultural Extension & Information System
650 _aAgricultural Machineries
700 _aIslam, Md. Rafiquel
_eSupervisor
700 _aMazumder, Mohummed Shofi Ullah
_eCo-Supervisor
856 _yOnline Access
_uhttp://archive.saulibrary.edu.bd:8080/xmlui/handle/123456789/3706
942 _2ddc
_cTHESIS
999 _c15840
_d15839